000 02407nam a2200289 i 4500
001 16242
003 DO-SdUEMH
005 20260114211708.0
007 ta
008 211105s2002||||dr |||gr|||| 0|| | spa d
040 _aDO-SdUEMH
_bspa
_erda
041 _aspa
082 1 4 _aRD341 R696D 2002
_mRD
_bR696
084 _b08-00161
100 1 _aRodríguez Cabrer, Miguel Antonio
_eaut
245 0 _aDefiniciones, Notas y Apuntes:
_ben el derecho internacional público /
_cMiguel Antonio Rodríguez Cabrer
260 _c2002
264 1 _aSanto Domingo, República Dominicana :
_bCentenario,
_c2002
264 4 _c©2002
300 _a74 páginas :
_c23 cm.
336 _2rdacontent
_atexto
_btxt
337 _2rdamedia
_asin mediación
_bn
338 _2rdacarrier
_avolumen
_bnc
505 2 _aCapítulo I: Definiciones de Derecho Internacional Público -- El Derecho Internacional Público no es legislador -- Escuelas que explican el fundamento del Derecho Internacional Público -- El Pacta Sunt Servanda -- La Comunidad Internacional -- Las fuentes del Derecho Internacional Público -- La interpretación del Derecho Internacional Público -- Derecho Internacional y Derecho Nacional -- La codificación -- Capítulo II: La personalidad internacional -- La capacidad internacional -- El Estado -- Nación y Estado -- El Principio de Autodeterminación -- El reconocimiento -- Clasificación de los Estados -- El Principio de Identidad del Estado -- Los gobiernos de facto -- Sucesión de Estados -- La cesión, el plebiscito, la anexión, la fusión y desmembramiento del Estado -- La neutralización -- La potestad estatal -- Enumeración de los derechos fundamentales de los Estados -- La independencia de los Estados -- La igualdad de los Estados -- El intercambio -- La intervención -- Capítulo III: La nacionalidad -- La ciudadanía -- La población -- Las minorías -- La extradición -- El territorio -- El dominio terrestre -- El dominio marítimo -- Golfos y bahías -- Islas y canales -- El dominio fluvial -- El dominio aéreo -- La navegación: los buques; la piratería -- Las aeronaves -- Capítulo IV: Los órganos de las relaciones internacionales -- Agentes diplomáticos -- El derecho de legación, inmunidades y privilegios -- El asilo -- Los cónsules -- Las obligaciones; relaciones jurídicas internacionales -- La política internacional.
942 _2ddc
_cBK
_n0
999 _c16242
_d16242